|
|
|
|
| LEADER |
01465nam a22002897a 4500 |
| 001 |
40669 |
| 003 |
BD-DhAAL |
| 005 |
20230123155851.0 |
| 008 |
230123t2019 bg ||||| |||| 00| 0 ben d |
| 020 |
|
|
|a 98470341358
|
| 040 |
|
|
|a BD-DhAAL
|c BD-DhAAL
|
| 041 |
|
|
|a ben
|
| 082 |
|
|
|2 23
|a 891.443
|
| 100 |
|
|
|a বন্দ্যোপাধ্যায়, তারাশঙ্কর
|9 52994
|
| 245 |
|
|
|a শ্রেষ্ঠ উপন্যাস /
|c তারাশঙ্কর বন্দ্যোপাধ্যায়
|
| 260 |
|
|
|a ঢাকা :
|b বসুন্ধরা প্রকাশন,
|c ২০১৯
|
| 300 |
|
|
|a ৩৭১ পৃষ্ঠা ;
|c ২২ সে.মি.
|
| 526 |
|
|
|a GenEd (Residential Campus)
|
| 541 |
|
|
|a Development Book Agency
|e 40668, 40669
|
| 600 |
|
|
|a বন্দ্যোপাধ্যায়, তারাশঙ্কর,
|d ১৮৯৮-১৯৭১.
|9 52994
|
| 650 |
|
|
|a Bengali fiction.
|
| 650 |
|
|
|a Bengali literature.
|
| 852 |
|
|
|a Ayesha Abed Library
|c General Stacks
|
| 942 |
|
|
|2 ddc
|c BK
|
| 999 |
|
|
|c 45337
|d 45337
|
| 952 |
|
|
|0 0
|1 0
|2 ddc
|4 0
|6 891_443000000000000_BAN
|7 0
|9 73053
|a SCL
|b SCL
|c GEN
|d 2023-01-05
|e Development Book Agency
|g 450.00
|l 1
|m 2
|o 891.443 BAN
|p 3020040686
|r 2025-11-02
|s 2025-10-12
|t 1
|v 450.00
|w 2023-01-05
|y BK
|
| 952 |
|
|
|0 0
|1 0
|2 ddc
|4 0
|6 891_443000000000000_BAN
|7 0
|9 73054
|a SCL
|b SCL
|c GEN
|d 2023-01-05
|e Development Book Agency
|g 450.00
|l 2
|o 891.443 BAN
|p 3020040687
|r 2024-04-21
|s 2024-04-01
|t 2
|v 450.00
|w 2023-01-05
|y BK
|